000
00293nam a22001217a 4500
082
_a
346.42086IVA.
100
_a
Ivamy, E.R.H.
245
_a
Marine Insurance.
260
_a
London.
_b
Butterworths.
_c
1969.
300
_a
liv, 586p.
_b
24cm.
500
_a
Includes appendix and index.
942
_c
BK
999
_c
14268
_d
14268